| 000 | 00546nam a2200181 a 4500 | ||
|---|---|---|---|
| 020 | _a0582302498 | ||
| 082 | 0 | 0 |
_a526.9 _bBAN _cL-NUST, P-39 |
| 100 | 1 |
_aBannister, A. _939636 |
|
| 245 | 1 | 0 |
_aSurveying / _cA. Bannister, S. Raymond, R. Baker. |
| 250 | _a7th ed. | ||
| 260 |
_aHarlow, Essex, England : _bAddison Wesley Longman Ltd., _cc1998. |
||
| 300 |
_ax, 502 p. : _bill. ; _c24 cm. |
||
| 526 |
_a0 _b0 _c0 _d526_900000000000000_BAN |
||
| 650 | 0 |
_aMCE _9379 |
|
| 700 | 1 |
_aBaker, R. _939637 |
|
| 700 | 1 |
_aRaymond, Stanley. _939638 |
|
| 942 |
_2ddc _cBK |
||
| 999 |
_c544091 _d544091 |
||